WWF WrestleMania V Match Card - Statistics

General Stats
  • This quiz has been taken 64 times
  • The average score is 31 of 39
Answer Stats
Match type Wrestler % Correct
Singles Hulk Hogan
100%
Singles Randy Savage
100%
Handicap Ax
95%
Tag team Bret Hart
95%
Handicap Smash
95%
Singles The Ultimate Warrior
95%
Tag team Shawn Michaels
93%
Tag team The Big Boss Man
93%
Tag team Jim Neidhart
90%
Tag team Marty Jannetty
90%
Singles Rick Rude
90%
Singles André the Giant
88%
Singles Mr. Perfect
88%
Singles Brutus Beefcake
85%
Singles Jake Roberts
85%
Handicap The Warlord
85%
Singles Hercules
83%
Tag team Rick Martel
83%
Singles Ted DiBiase
83%
Handicap The Barbarian
83%
Tag team Tito Santana
83%
Tag team Akeem
80%
Singles King Haku
80%
Tag team Greg Valentine
78%
Tag team Arn Anderson
76%
Tag team Butch
73%
Tag team Luke
73%
Handicap Mr. Fuji
73%
Tag team The Honky Tonk Man
73%
Tag team Tully Blanchard
73%
Singles Bad News Brown
68%
Singles Jim Duggan
68%
Singles Dino Bravo
66%
Singles The Blue Blazer
66%
Singles Bobby Heenan
63%
Tag team Jacques
63%
Tag team Raymond
63%
Singles The Red Rooster
63%
Singles Ronnie Garvin
59%
No matching quizzes found
Score Distribution
Percent of People with Each Score
Percentile by Number Answered
Your Score History
You have not taken this quiz